| 000 | 01050nam a2200253Ia 4500 | ||
|---|---|---|---|
| 008 | 130821s2000 xxu gr spa | ||
| 020 | _a188693861x | ||
| 040 |
_aCo-BoUCM _bspa |
||
| 041 | 0 | 0 | _aspa |
| 110 | 1 |
_aBanco Interamericano de Desarrollo. _936056 |
|
| 245 | 1 | 0 |
_aAgua perdida compromisos institucionales para el suministro de servicios públicos sanitarios _cEditores Pablo T. Spiller y William D. Savedoff |
| 260 |
_aWashington _bBanco Interamericano de Desarrollo _c2000 |
||
| 300 | _avi, 276 páginas | ||
| 504 | _aIncluye bibliografía. | ||
| 650 | 0 | 4 |
_aAbastecimiento de agua _zAmérica Latina _98241 |
| 650 | 0 | 4 |
_aDescentralización administrativa _zAmérica Latina _9156 |
| 650 | 0 | 4 |
_aPrivatización _zAmérica Latina _922302 |
| 650 | 0 | 4 |
_aServicios públicos _zAmérica Latina _946975 |
| 650 | 0 | 4 |
_aUtilización del agua _zAmérica Latina _926041 |
| 700 | 1 |
_aSavedoff, William D. _eed. _9140675 |
|
| 700 | 1 |
_aSpiller, Pablo T. _eed. _9161522 |
|
| 942 |
_cLIBRO _a9 _e1 _mA282 _2DEWEY _h363.61 |
||
| 999 |
_c44383 _d44383 |
||